|
|
|
|
| LEADER |
00000cam a2200000 4500 |
| 001 |
vtls012261541 |
| 003 |
SK-MaSNL |
| 005 |
20260301192614.0 |
| 008 |
240801s2023 xo odalf n 000 0 slo |
| 015 |
|
|
|a SNBA2025/01
|
| 020 |
|
|
|a 9788055344287
|q (viazané)
|
| 040 |
|
|
|a SNK
|b slo
|c SNK
|e rda
|
| 041 |
0 |
|
|a slo
|
| 044 |
|
|
|a xo
|c SK
|
| 072 |
|
7 |
|a 502
|x Životné prostredie a jeho ochrana
|2 konspekt
|
| 080 |
|
|
|a 502.174
|2 2011
|
| 080 |
|
|
|a 502/504
|2 2011
|
| 080 |
|
|
|a (048.8)
|2 2011
|
| 080 |
|
|
|a 628.477.6
|2 2011
|
| 100 |
1 |
|
|a Sobotová, Lýdia,
|d 1961-
|4 aut
|9 220094
|
| 245 |
1 |
0 |
|a Recyklácia a recyklačné technológie
|c Lýdia Sobotová, Miroslav Badida, Tibor Dzuro
|
| 250 |
|
|
|a Vydanie: prvé
|
| 264 |
|
1 |
|a Košice
|b Technická univerzita v Košiciach
|c 2023
|
| 300 |
|
|
|a 485 strán
|b fotografie, grafy, ilustrácie (niektoré farebné), tabuľky
|c 24 cm
|
| 336 |
|
|
|a text
|b txt
|2 rdacontent
|
| 337 |
|
|
|a bez média
|b n
|2 rdamedia
|
| 338 |
|
|
|a zväzok
|b nc
|2 rdacarrier
|
| 366 |
|
|
|e 100 kusov
|
| 500 |
|
|
|a Obsahuje prehľad skratiek, zoznam obrázkov a zoznam tabuliek
|
| 504 |
|
|
|a Obsahuje bibliografiu na strane 451-469
|
| 650 |
0 |
7 |
|a odpadové hospodárstvo
|2 SNKPH
|9 3603
|
| 650 |
0 |
7 |
|a životné prostredie
|2 SNKPH
|9 786
|
| 650 |
0 |
7 |
|a recyklácia odpadu
|2 SNKPH
|9 29450
|
| 650 |
0 |
7 |
|a Waste management
|2 SNKPHeng
|9 267224
|
| 650 |
0 |
7 |
|a Environment
|2 SNKPHeng
|9 267078
|
| 650 |
0 |
7 |
|a recyklačné technológie
|2 SNKPH
|9 177514
|
| 650 |
0 |
7 |
|a Waste recycling
|2 SNKPHeng
|9 314656
|
| 650 |
0 |
7 |
|a Waste recycling technology
|2 SNKPHeng
|9 357539
|
| 655 |
|
7 |
|a monografie
|2 SNKPH
|9 70139
|
| 655 |
|
7 |
|a Monographs
|2 SNKPHeng
|9 120675
|
| 700 |
1 |
|
|a Badida, Miroslav,
|d 1957-
|4 aut
|9 220921
|
| 700 |
1 |
|
|a Dzuro, Tibor,
|d 1986-
|4 aut
|4 bjd
|4 bkd
|9 204777
|
| 700 |
1 |
|
|a Debski, Hubert
|4 rev
|9 570901
|
| 700 |
1 |
|
|a Šebo, Dušan,
|d 1944-
|4 rev
|9 211928
|
| 700 |
1 |
|
|a Dirner, Vojtech
|4 rev
|9 516075
|
| 710 |
2 |
|
|a Technická univerzita v Košiciach.
|b Strojnícka fakulta
|4 pbl
|9 178287
|
| 852 |
|
|
|a Slovenská národná knižnica
|
| 919 |
|
|
|a 978-80-553-4428-7
|
| 954 |
|
|
|a odborná, vedecká literatúra pôvodná (slovenská)
|2 lita
|
| 958 |
|
|
|a NB
|
| 999 |
|
|
|c 874621
|d 876551
|
| 952 |
|
|
|a SNK
|b SNK
|y PREZ
|7 0
|p 17A1553797
|o snkSC 208321
|i snk2024/15935
|8 0
|0 0
|1 0
|4 0
|d 2024-10-16
|l 0
|r 2025-10-31 00:00:00
|w 2026-02-24
|